Southville International School and Colleges
Your cart is empty.
  • Cart
  • Lists
    Public lists Eva Luna New books Lux_list list_1
    Your lists Log in to create your own lists
  • Log in to your account
  • Your cookies
  • Search history
Southville International School and Colleges
  • Advanced search
  • Recent comments
  • Most popular
  • Libraries

Log in to your account

Log in with GOOGLE


If you do not have an external account, but do have a local account, you can still log in:

  1. Home
  2. MARC view: The literariness of media art /
Normal view MARC view ISBD view

The literariness of media art / (Record no. 366243)

[ view plain ]
MARC details
000 -LEADER
fixed length control field 02010nam a22002537a 4500
003 - CONTROL NUMBER IDENTIFIER
control field 0
005 - DATE AND TIME OF LATEST TRANSACTION
control field 20240918142012.0
008 - FIXED-LENGTH DATA ELEMENTS--GENERAL INFORMATION
fixed length control field 240918b xxu||||| |||| 00| 0 eng d
020 ## - INTERNATIONAL STANDARD BOOK NUMBER
International Standard Book Number 9781138091528
050 ## - LIBRARY OF CONGRESS CALL NUMBER
Classification number PN 53
Item number .B46 2019
100 ## - MAIN ENTRY--PERSONAL NAME
Personal name Benthien, Claudia,
Relator term author.
245 ## - TITLE STATEMENT
Title The literariness of media art /
Statement of responsibility, etc by Claudia Benthien, Jordis Lau, and Maraike Marxsen.
260 ## - PUBLICATION, DISTRIBUTION, ETC. (IMPRINT)
Place of publication, distribution, etc New York :
Name of publisher, distributor, etc Routledge,
Date of publication, distribution, etc 2019.
300 ## - PHYSICAL DESCRIPTION
Extent x, 320 p. :
Other physical details ill. ;
Dimensions 26 cm.
504 ## - BIBLIOGRAPHY, ETC. NOTE
Bibliography, etc Includes bibliographical references and index.
520 ## - SUMMARY, ETC.
Summary, etc "The beginning of the 20th century saw literary scholars from Russia positing a new definition for the nature of literature. Within the framework of Russian formalism, the term "literariness" was coined. The driving force behind this theoretical inquiry was the desire to identify literature--and art in general--as ways of revitalizing human perception, which had been numbed by the automatization of everyday life. The transformative power of "literariness" is made manifest in many media artworks by renowned artists such as Chantal Akerman, Mona Hatoum, Gary Hill, Jenny Holzer, William Kentridge, Nalini Malani, Bruce Nauman, Martha 4 Rosler, and Lawrence Weiner. These artists, much like the young Russian and German scholars of the 20th century, use literariness as a tool to analyze the aesthetics of spoken or written language within experimental film, video performance, moving image installations and many more media-based art forms. This volume uses as its foundation the Russian formalist school of literary theory, with the goal of extending these theories to include contemporary concepts in film and media studies, such as neoformalism, intermediality, remediation, and post-drama"-- Provided by publisher.
650 ## - SUBJECT ADDED ENTRY--TOPICAL TERM
Topical term or geographic name as entry element Art and literature.
650 ## - SUBJECT ADDED ENTRY--TOPICAL TERM
Topical term or geographic name as entry element Multimedia (Art)
650 ## - SUBJECT ADDED ENTRY--TOPICAL TERM
Topical term or geographic name as entry element Literature in art.
650 ## - SUBJECT ADDED ENTRY--TOPICAL TERM
Topical term or geographic name as entry element Formalism (Literary analysis)
700 ## - ADDED ENTRY--PERSONAL NAME
Personal name Lau, Jordis,
Relator term author.
700 ## - ADDED ENTRY--PERSONAL NAME
Personal name Marxsen, Maraike,
Relator term author.
942 ## - ADDED ENTRY ELEMENTS (KOHA)
Source of classification or shelving scheme Library of Congress Classification
Koha item type Books
Holdings
Withdrawn status Lost status Source of classification or shelving scheme Damaged status Home library Current library Shelving location Date acquired Source of acquisition Sub Shelving location Total Checkouts Full call number Barcode Date last seen Price effective from Koha item type
    Library of Congress Classification   College Library College Library Reserve Section 09/18/2024 Library Fund     PN 53 .B46 2019 C23415 09/18/2024 09/18/2024 Books

The literariness of media art /

APA

Benthien C., Lau J. & Marxsen M. (2019). The literariness of media art. New York: Routledge.

Chicago

Benthien Claudia, Lau Jordis and Marxsen Maraike. 2019. The literariness of media art. New York: Routledge.

Harvard

Benthien C., Lau J. and Marxsen M. (2019). The literariness of media art. New York: Routledge.

MLA

Benthien Claudia, Lau Jordis and Marxsen Maraike. The literariness of media art. New York: Routledge. 2019.

  • Place hold
  • Print
  • Cite
  • Add to your cart (remove)
  • Save record
    BIBTEX Dublin Core MARCXML MARC (non-Unicode/MARC-8) MARC (Unicode/UTF-8) MARC (Unicode/UTF-8, Standard) MODS (XML) RIS
  • More searches
    Search for this title in:
    Other Libraries (WorldCat) Other Databases (Google Scholar) Online Stores (Bookfinder.com) Open Library (openlibrary.org)

Exporting to Dublin Core...

SOUTHVILLE LIBRARY

Southville International School and Colleges Library

1281 Tropical Ave. Cor. Luxembourg St., BF Homes International, Las Pinas City

Tel. No. 8256374 / 252358 Loc. 117/146

Powered by Koha